| 000 | 00844cam a2200289 a 4500 | ||
|---|---|---|---|
| 001 | 2293 | ||
| 005 | 20231115113606.0 | ||
| 020 | _a0590100483 | ||
| 020 | _a9780590100502 | ||
| 040 |
_aDLC _cDLC _dDLC _beng |
||
| 050 | 0 | 0 |
_aPZ8.3.R457 _bMo 1997 |
| 082 | 0 | 0 |
_a514 _221 |
| 100 | 1 | _aRiley, Linnea | |
| 245 | 1 | 0 |
_aMouse mess / _cLinnea Riley. |
| 250 | _aFirst Scholastic paperback printing, October 1998 | ||
| 260 |
_aNew York : _bScholastic, _c1997 |
||
| 300 |
_a27 unnumbered pages : _billustrations _c23 x 28 cm |
||
| 505 | _aF | ||
| 520 | _aA hungry mouse leaves a huge mess when it goes in search of a snack. | ||
| 521 |
_a420 _bLexile |
||
| 521 |
_aF _bRaz-Plus |
||
| 650 | 1 |
_aMice _xFiction. |
|
| 650 | 1 |
_aFood _xFiction. |
|
| 650 | 1 | _aStories in rhyme. | |
| 906 |
_a7 _bcbc _corignew _d1 _eocip _f19 _gy-gencatlg |
||
| 942 |
_2ddc _cBK _n0 |
||
| 999 |
_c2293 _d2293 |
||